Goods & Services Tax (GST) & Customs Law/ (Record no. 166871)

MARC details
000 -LEADER
fixed length control field 00659nam a22001817a 4500
010 ## - LCCN (DPL NO)
LC control number ENG-126154
020 ## - INTERNATIONAL STANDARD BOOK NUMBER
International Standard Book Number 978-93-87253-22-3
Terms of availability 225.00
035 ## - SYSTEM CONTROL NUMBER
System control number EN-109686
037 ## - SOURCE OF ACQUISITION
Source of stock number/acquisition DBAD/PUB
082 ## - DEWEY DECIMAL CLASSIFICATION NUMBER
Classification number 343.056
100 ## - MAIN ENTRY--PERSONAL NAME
Personal name Ram,Dhani
245 ## - TITLE STATEMENT
Title Goods & Services Tax (GST) & Customs Law/
Statement of responsibility, etc edited byDhani Ram[and] Surbhi Gupta
260 ## - PUBLICATION, DISTRIBUTION, ETC. (IMPRINT)
Place of publication, distribution, etc New Delhi
Name of publisher, distributor, etc Kitab Mahal Publishers
Date of publication, distribution, etc 2018
270 ## - ADDRESS
Address 8, Hari Sadan (G.F.) 20 Ansari Road, Darya Ganj,
City New Delhi
Postal code 110002
Telephone number 23273230, 9810669341
Electronic mail address kitab_mahal@hotmail.com
Fax number 011-23289285
300 ## - PHYSICAL DESCRIPTION
Extent 272p.
Other physical details 21cm(pbk)
700 ## - ADDED ENTRY--PERSONAL NAME
Personal name Dhani Ram[and]Surbhi Gupta
942 ## - ADDED ENTRY ELEMENTS (KOHA)
Source of classification or shelving scheme Dewey Decimal Classification
Item type English Books
Classification part 343.056
Call number suffix RAM
Holdings
Withdrawn status Lost status Not for loan Collection code Home library Current library Date acquired Source of acquisition Cost, normal purchase price Full call number Barcode Copy number Cost, replacement price Koha item type
      Non-fiction Central Library Central Library 13/08/2019 DBAD/PUB 225.00 343.056 RAM EN-109686 1 225.00 English Books

© Delhi Public Library
Hit Counter
free hit counter